[Event "Cadets-Juniors"]
[Site "?"]
[Date "2014.03.01"]
[Round "1.1"]
[White "Deschamps, Quentin"]
[Black "Deruyter, Valentin"]
[Result "1/2-1/2"]
[WhiteElo "1742"]
[BlackElo "1496"]
[PlyCount "74"]
[EventDate "2014.03.01"]
[SourceDate "2014.03.01"]

1. e4 e6 2. d4 d5 3. Nc3 Bb4 4. e5 c5 5. a3 Bxc3+ 6. bxc3 cxd4 7. cxd4 Qb6 8.
Bd3 Nc6 9. Nf3 Nge7 10. O-O Bd7 11. Be3 Rb8 12. c4 Qc7 13. Rc1 Qb6 14. Rb1 Qc7
15. Nh4 dxc4 16. Bxc4 Nxe5 17. Bf4 Qxc4 18. Bxe5 Rc8 19. Rxb7 f6 20. Bg3 Qa6
21. Qb3 Nc6 22. Rxd7 Kxd7 23. d5 Ne7 24. dxe6+ Ke8 25. Rd1 Rc6 26. Re1 Rb6 27.
Qa2 Qa5 28. Qd2 Qd5 29. Qe2 Qb5 30. Qg4 Rg8 31. f4 Qc4 32. Qh5+ g6 33. Qxh7
Rxe6 34. Rf1 Rb6 35. Re1 Re6 36. Rf1 Rb6 37. Re1 Re6 1/2-1/2

[Event "Cadets-Juniors"]
[Site "?"]
[Date "2014.03.01"]
[Round "1.2"]
[White "Brosset, Matthieu"]
[Black "Le Gouic, Brendan"]
[Result "0-1"]
[WhiteElo "1480"]
[BlackElo "1718"]
[PlyCount "128"]
[EventDate "2014.03.01"]
[SourceDate "2014.03.01"]

1. e4 e6 2. d4 d5 3. Nc3 dxe4 4. Nxe4 Nd7 5. Nf3 Ngf6 6. Nxf6+ Nxf6 7. Bd3 Be7
8. O-O Qd6 9. c3 b6 10. Ng5 h6 11. Ne4 Qc6 12. Qe2 Qd7 13. Nxf6+ gxf6 14. Bf4
Bb7 15. Be4 c6 16. Qe3 f5 17. Bf3 h5 18. Bg5 O-O-O 19. Bxe7 Qxe7 20. Qe2 Rdg8
21. Kh1 h4 22. Rg1 Qd6 23. h3 f6 24. Rae1 Kd7 25. Qc4 a5 26. Re3 b5 27. Qc5
Qxc5 28. dxc5 e5 29. b4 e4 30. Bd1 Re8 31. Rge1 Rh7 32. Kh2 a4 33. a3 Ke6 34.
f3 Kd5 35. Bc2 Rhe7 36. fxe4+ fxe4 37. Bb1 f5 38. Rd1+ Ke5 39. Rd6 Kf4 40. Re2
e3 41. Rf6 Re5 42. Rh6 Kg5 43. Rh7 R5e7 44. Rxe7 Rxe7 45. g3 hxg3+ 46. Kxg3 f4+
47. Kf3 Rf7 48. Rg2+ Kh4 49. Bd3 Bc8 50. Rg6 Bd7 51. Rh6+ Kg5 52. Rg6+ Kh5 53.
Rd6 Bf5 54. Bxf5 Rxf5 55. Rxc6 Re5 56. Rc8 e2 57. Rh8+ Kg5 58. Rg8+ Kf5 59.
Rf8+ Kg6 60. Rg8+ Kf7 61. Rg1 e1=Q 62. Rxe1 Rxe1 63. Kxf4 Ke6 64. h4 Ra1 0-1

[Event "Cadets-Juniors"]
[Site "?"]
[Date "2014.03.01"]
[Round "1.3"]
[White "Guinet, Kevin"]
[Black "Ryo, Gael"]
[Result "1-0"]
[WhiteElo "1639"]
[BlackElo "1460"]
[PlyCount "51"]
[EventDate "2014.03.01"]
[SourceDate "2014.03.01"]

1. e4 c5 2. Nf3 d6 3. d4 cxd4 4. Nxd4 Nf6 5. Nc3 g6 6. Be3 Bg7 7. Bd3 Ng4 8.
Bg5 O-O 9. Nde2 Nc6 10. Ng3 Qb6 11. O-O Bd7 12. Rb1 Rac8 13. Nd5 Qd8 14. Be2
Nf6 15. Nxf6+ exf6 16. Bf4 Be6 17. Bxd6 Re8 18. a3 Ne5 19. Bb4 Qxd1 20. Rfxd1
Rxc2 21. Bc3 Bc4 22. Bxc4 Nxc4 23. Rd3 Rc8 24. Rbd1 Re8 25. Rd8 Kf8 26. Bb4+
1-0

[Event "Cadets-Juniors"]
[Site "?"]
[Date "2014.03.01"]
[Round "1.4"]
[White "Pichot, Benjamin"]
[Black "Guillaume, Ombeline"]
[Result "0-1"]
[WhiteElo "1399"]
[BlackElo "1586"]
[PlyCount "78"]
[EventDate "2014.03.01"]
[SourceDate "2014.03.01"]

1. e4 e5 2. Nf3 Nc6 3. d4 exd4 4. Nxd4 Bc5 5. Be3 Qf6 6. c3 Nge7 7. Qd3 O-O 8.
Nd2 Ne5 9. Qe2 d6 10. h3 N7g6 11. N2b3 Bb6 12. a4 c6 13. Nd2 Nf4 14. Bxf4 Qxf4
15. b3 Bd7 16. Nc4 Nxc4 17. Qxc4 Qxe4+ 18. Be2 Qxg2 19. Rf1 Rfe8 20. Qd3 Qxh3
21. Qxh3 Bxh3 22. Rh1 Bg4 23. Kd2 Bxd4 24. Bxg4 Bxf2 25. Raf1 Bb6 26. Bd1 g6
27. Rh2 h5 28. Rg2 Re5 29. b4 a5 30. Bb3 d5 31. b5 cxb5 32. axb5 a4 33. Ba2 Rc8
34. Rg3 Rc5 35. Rgf3 f5 36. Rg3 Kh7 37. Rfg1 Rxb5 38. Rc1 f4 39. Rh3 Be3+ 0-1

[Event "Cadets-Juniors"]
[Site "?"]
[Date "2014.03.01"]
[Round "1.5"]
[White "Gely, Lilas"]
[Black "Lardiere, Antoine"]
[Result "1-0"]
[WhiteElo "1551"]
[BlackElo "1310"]
[PlyCount "93"]
[EventDate "2014.03.01"]
[SourceDate "2014.03.01"]

1. e4 e5 2. Nf3 Nc6 3. d4 d6 4. d5 Nce7 5. Nc3 Bg4 6. Be2 g6 7. O-O Bg7 8. Ng5
Bd7 9. Bg4 f5 10. exf5 Nxf5 11. Re1 Qe7 12. Qd3 O-O-O 13. Qc4 Re8 14. Nb5 Bxb5
15. Qxb5 Bh6 16. Ne6 Bxc1 17. Raxc1 Nf6 18. Bf3 h6 19. a4 Qd7 20. Qc4 Ne7 21.
a5 Nexd5 22. Bxd5 Nxd5 23. Nd4 Nf6 24. Ne2 Rhf8 25. a6 b6 26. Qd3 g5 27. Qf3 d5
28. c4 Ne4 29. Qe3 Nxf2 30. cxd5 Qxd5 31. h3 Nd3 32. Red1 e4 33. Rc3 Qe5 34.
Qd2 Rd8 35. Qc2 Nb4 36. Rxd8+ Rxd8 37. Qa4 Nd3 38. Qc6 Nxb2 39. Qb7+ Kd7 40.
Qc6+ Ke7 41. Qxh6 Rd1+ 42. Kf2 Nd3+ 43. Ke3 Re1 44. Qh7+ Kd6 45. Qxc7+ Ke6 46.
Rc6+ Kf5 47. Qd7+ 1-0

[Event "Cadets-Juniors"]
[Site "?"]
[Date "2014.03.01"]
[Round "1.6"]
[White "Alexeline, Mathieu"]
[Black "Barteau, Alexandre"]
[Result "0-1"]
[WhiteElo "1230"]
[BlackElo "1532"]
[PlyCount "62"]
[EventDate "2014.03.01"]
[SourceDate "2014.03.01"]

1. e4 e5 2. Nf3 Nc6 3. d4 exd4 4. Nxd4 Bc5 5. c3 Qf6 6. Be3 Nge7 7. Bc4 O-O 8.
f4 Nxd4 9. cxd4 Bb4+ 10. Nc3 Qc6 11. Qd3 d5 12. exd5 Nxd5 13. a3 Bxc3+ 14. bxc3
Nxe3 15. Bb5 Qxg2 16. Rf1 Nxf1 17. O-O-O Nxh2 18. f5 Qf3 19. a4 Qxd3 20. Bxd3
Ng4 21. Rg1 Ne3 22. f6 g6 23. Rg3 Nd5 24. Rf3 Nxc3 25. a5 Bg4 26. Rf4 Ne2+ 27.
Bxe2 Bxe2 28. Re4 Rfe8 29. Re5 Rxe5 30. dxe5 Re8 31. a6 Bxa6 0-1

[Event "Cadets-Juniors"]
[Site "?"]
[Date "2014.03.01"]
[Round "2.1"]
[White "Le Gouic, Brendan"]
[Black "Gely, Lilas"]
[Result "0-1"]
[WhiteElo "1718"]
[BlackElo "1551"]
[PlyCount "47"]
[EventDate "2014.03.01"]
[SourceDate "2014.03.01"]

1. Nf3 Nf6 2. d3 d5 3. g3 Nc6 4. Nbd2 e5 5. e4 Bg4 6. h3 Bxf3 7. Qxf3 d4 8. Nc4
Bb4+ 9. Bd2 Bxd2+ 10. Kxd2 Qe7 11. Qf5 b5 12. Na3 Qb4+ 13. Kd1 Qxb2 14. Rb1
Qxa3 15. f4 Qxa2 16. Rc1 Qe6 17. Qg5 Rg8 18. f5 Qd6 19. g4 a5 20. Qh4 a4 21. g5
Nd7 22. Qxh7 Qf8 23. Be2 Rh8 24. Qxh8 0-1

[Event "Cadets-Juniors"]
[Site "?"]
[Date "2014.03.01"]
[Round "2.2"]
[White "Guillaume, Ombeline"]
[Black "Guinet, Kevin"]
[Result "1/2-1/2"]
[WhiteElo "1586"]
[BlackElo "1639"]
[PlyCount "36"]
[EventDate "2014.03.01"]
[SourceDate "2014.03.01"]

1. d4 d5 2. c4 e5 3. cxd5 Qxd5 4. Nf3 exd4 5. Qxd4 Nf6 6. Nc3 Qxd4 7. Nxd4 Bc5
8. Ndb5 Na6 9. Bf4 Bf5 10. Nxc7+ Nxc7 11. Bxc7 Ne4 12. Nxe4 Bxe4 13. e3 Bb4+
14. Kd1 O-O 15. f3 Rfd8+ 16. Bxd8 Rxd8+ 17. Kc1 Bd2+ 18. Kd1 Bb4+ 1/2-1/2

[Event "Cadets-Juniors"]
[Site "?"]
[Date "2014.03.01"]
[Round "2.3"]
[White "Barteau, Alexandre"]
[Black "Deschamps, Quentin"]
[Result "1-0"]
[WhiteElo "1532"]
[BlackElo "1742"]
[PlyCount "73"]
[EventDate "2014.03.01"]
[SourceDate "2014.03.01"]

1. e4 c5 2. Nf3 d6 3. Nc3 Nc6 4. Be2 g6 5. b3 Bg7 6. Bb2 Nf6 7. O-O O-O 8. Rb1
a6 9. d4 cxd4 10. Nxd4 Nxd4 11. Qxd4 Ng4 12. Qd1 Ne5 13. a3 f5 14. exf5 Bxf5
15. Nd5 Rc8 16. Ne3 Bd7 17. Qd5+ Kh8 18. Qxb7 Bc6 19. Qb4 Qd7 20. Bxa6 Rb8 21.
Qh4 Bf6 22. Qg3 Kg7 23. Be2 h6 24. Ng4 Qf5 25. Nxe5 dxe5 26. Bd3 Qh5 27. Rfe1
Bh4 28. Qxe5+ Rf6 29. Qxe7+ Kg8 30. Bc4+ Bd5 31. Bxd5+ Qxd5 32. Bxf6 Bxf6 33.
Qxf6 Rf8 34. Qxg6+ Kh8 35. Qxh6+ Kg8 36. Qe6+ Qxe6 37. Rxe6 1-0

[Event "Cadets-Juniors"]
[Site "?"]
[Date "2014.03.01"]
[Round "2.4"]
[White "Deruyter, Valentin"]
[Black "Brosset, Matthieu"]
[Result "1-0"]
[WhiteElo "1496"]
[BlackElo "1480"]
[PlyCount "67"]
[EventDate "2014.03.01"]
[SourceDate "2014.03.01"]

1. e4 e5 2. Nf3 Nc6 3. d4 exd4 4. Nxd4 Bc5 5. Be3 Qf6 6. c3 Nxd4 7. cxd4 Bb4+
8. Nc3 Qc6 9. Qd3 Nf6 10. d5 Bxc3+ 11. bxc3 Qa4 12. f3 O-O 13. Be2 b6 14. O-O
a5 15. Bd1 Qa3 16. Bc1 Qc5+ 17. Be3 Qa3 18. Bb3 a4 19. Bc4 Qe7 20. Rfe1 d6 21.
Bg5 Qe5 22. f4 Qe8 23. e5 dxe5 24. fxe5 Ng4 25. Qg3 h6 26. Bf4 Kh8 27. h3 g5
28. Bd2 b5 29. Bd3 f5 30. hxg4 fxg4 31. e6 c6 32. c4 bxc4 33. Bc3+ Kg8 34. Qe5
1-0

[Event "Cadets-Juniors"]
[Site "?"]
[Date "2014.03.01"]
[Round "2.5"]
[White "Ryo, Gael"]
[Black "Alexeline, Mathieu"]
[Result "1-0"]
[WhiteElo "1460"]
[BlackElo "1230"]
[PlyCount "71"]
[EventDate "2014.03.01"]
[SourceDate "2014.03.01"]

1. d4 d5 2. Nf3 Nc6 3. g3 Bg4 4. Bg2 Qd6 5. O-O e5 6. a3 h6 7. dxe5 Nxe5 8. Bf4
Nxf3+ 9. Bxf3 Qe6 10. Qxd5 Qxd5 11. Bxd5 Bxe2 12. Re1 O-O-O 13. Bxb7+ Kxb7 14.
Rxe2 Rd1+ 15. Kg2 h5 16. Bd2 Bd6 17. Re1 Rxe1 18. Bxe1 h4 19. Nc3 Be5 20. Rd1
Nf6 21. b4 hxg3 22. fxg3 Ng4 23. Rd3 Rxh2+ 24. Kf3 f5 25. Nd5 g5 26. Rd2 Rh3
27. Rg2 f4 28. Kxg4 Rh8 29. gxf4 gxf4 30. Bc3 Rg8+ 31. Kf3 Rg3+ 32. Rxg3 fxg3
33. Bxe5 Kc6 34. Nxc7 g2 35. Kxg2 Kb7 36. Kf3 1-0

[Event "Cadets-Juniors"]
[Site "?"]
[Date "2014.03.01"]
[Round "2.6"]
[White "Lardiere, Antoine"]
[Black "Pichot, Benjamin"]
[Result "1-0"]
[WhiteElo "1310"]
[BlackElo "1399"]
[PlyCount "77"]
[EventDate "2014.03.01"]
[SourceDate "2014.03.01"]

1. e4 Nf6 2. Nc3 d5 3. d3 e5 4. Bg5 Bb4 5. a3 Bc5 6. Nxd5 Bg4 7. f3 Be6 8.
Nxf6+ gxf6 9. Bh4 Nc6 10. Qd2 Qd4 11. O-O-O Bxa3 12. c3 Qb6 13. bxa3 Na5 14.
Qb2 Qxb2+ 15. Kxb2 O-O-O 16. Bxf6 Bb3 17. Rb1 Rhe8 18. Bxd8 Rxd8 19. Nh3 Rd6
20. Be2 Rb6 21. Kc1 Ra6 22. d4 Bc4 23. Bxc4 Nxc4 24. Ra1 exd4 25. cxd4 Ne3 26.
g3 Rc6+ 27. Kd2 Nc2 28. Rac1 Nxd4 29. Rxc6 bxc6 30. Ng5 Kb7 31. Rb1+ Ka6 32.
Nxf7 Nxf3+ 33. Kc3 Nxh2 34. Kc4 Ng4 35. Nd8 Ne3+ 36. Kc5 Ng4 37. Rb4 Ka5 38.
Nxc6+ Ka6 39. Nd8 1-0

[Event "Cadets-Juniors"]
[Site "?"]
[Date "2014.03.02"]
[Round "3.1"]
[White "Gely, Lilas"]
[Black "Barteau, Alexandre"]
[Result "1/2-1/2"]
[WhiteElo "1551"]
[BlackElo "1532"]
[PlyCount "51"]
[EventDate "2014.03.01"]
[SourceDate "2014.03.01"]

1. e4 e5 2. Nf3 Nc6 3. d4 exd4 4. Nxd4 Bc5 5. Be3 Qf6 6. c3 Nge7 7. Qd2 O-O 8.
Nxc6 Qxc6 9. Bxc5 Qxc5 10. Qd4 Qg5 11. Nd2 Nc6 12. Qd5 Qg6 13. g3 d6 14. Bg2
Be6 15. Qb5 Rab8 16. O-O a6 17. Qe2 Qh6 18. Rfe1 Ne5 19. Qe3 Qxe3 20. Rxe3 Nc4
21. Nxc4 Bxc4 22. b3 Be6 23. Rd1 b6 24. e5 dxe5 25. Rxe5 Rbd8 26. Rde1 1/2-1/2

[Event "Cadets-Juniors"]
[Site "?"]
[Date "2014.03.02"]
[Round "3.2"]
[White "Guinet, Kevin"]
[Black "Deruyter, Valentin"]
[Result "1-0"]
[WhiteElo "1639"]
[BlackElo "1496"]
[PlyCount "71"]
[EventDate "2014.03.01"]
[SourceDate "2014.03.01"]

1. e4 e6 2. d4 d5 3. Nc3 Bb4 4. e5 c5 5. a3 Bxc3+ 6. bxc3 Qb6 7. Bd3 Nc6 8. Nf3
Nge7 9. Be3 c4 10. Be2 Nf5 11. O-O Nxe3 12. fxe3 Ne7 13. Qd2 h6 14. Rf2 Qb2 15.
Raf1 Qxa3 16. Nh4 Rf8 17. Bh5 Nf5 18. Nxf5 exf5 19. Be2 Be6 20. Rb1 Qe7 21.
Rff1 a5 22. Rb2 a4 23. Ra1 Ra7 24. Rba2 b5 25. Qc1 Bd7 26. Rb1 Rb7 27. Rxa4
bxa4 28. Rxb7 f6 29. Bh5+ Kd8 30. Qb2 Qe6 31. Qb4 Rg8 32. Qa5+ Ke7 33. Qc5+ Kd8
34. Bf7 Qc6 35. Rb8+ Kc7 36. Qa7+ 1-0

[Event "Cadets-Juniors"]
[Site "?"]
[Date "2014.03.02"]
[Round "3.3"]
[White "Le Gouic, Brendan"]
[Black "Guillaume, Ombeline"]
[Result "1-0"]
[WhiteElo "1718"]
[BlackElo "1586"]
[PlyCount "151"]
[EventDate "2014.03.01"]
[SourceDate "2014.03.01"]

1. Nf3 d5 2. d3 Nf6 3. g3 Nc6 4. Bg2 e5 5. O-O Bc5 6. a3 a5 7. b3 O-O 8. Bb2
Qe7 9. c4 e4 10. Ng5 Ng4 11. Nh3 dxc4 12. bxc4 Bf5 13. d4 Rad8 14. e3 h5 15.
Nd2 Ba7 16. Qc2 Rfe8 17. Nf4 Nf6 18. Bc3 Qd7 19. d5 Ne5 20. Qb2 Nd3 21. Nxd3
exd3 22. Bxf6 gxf6 23. Qxf6 Bg6 24. Rab1 Qa4 25. Qc3 Qc2 26. Qxa5 Bb6 27. Qb4
Ra8 28. Rfd1 Ba5 29. Qb2 Bc3 30. Qc1 Bxd2 31. Rxd2 Qxc1+ 32. Rxc1 Rxa3 33. d6
cxd6 34. Bxb7 Rb8 35. Bd5 Kg7 36. e4 f5 37. f3 fxe4 38. fxe4 Kf6 39. Kf2 h4 40.
g4 Ke5 41. Ke3 Rbb3 42. h3 Rc3 43. Rf1 Rc2 44. Rxd3 Rxd3+ 45. Kxd3 Rg2 46. Rf3
Bh7 47. Ke3 Rc2 48. g5 Rc3+ 49. Ke2 Rc2+ 50. Kd3 Rg2 51. Rf7 Rg3+ 52. Ke2 Bg6
53. Rf6 Bh5+ 54. Kf2 Rxg5 55. Re6+ Kf4 56. Rxd6 Rg3 57. Rf6+ Kg5 58. Rf5+ Kh6
59. Be6 Bg6 60. Rf4 Kg5 61. Rg4+ Rxg4 62. Bxg4 Bxe4 63. Ke3 Bc6 64. c5 Kf6 65.
Kf4 Ke7 66. Kg5 Kd8 67. Kxh4 Kc7 68. Be2 Kd8 69. Kg5 Ke7 70. Bc4 Be4 71. h4 Kd7
72. h5 Kc6 73. Bg8 Kxc5 74. h6 Kd6 75. Kf6 Kd7 76. Bf7 1-0

[Event "Cadets-Juniors"]
[Site "?"]
[Date "2014.03.02"]
[Round "3.4"]
[White "Lardiere, Antoine"]
[Black "Ryo, Gael"]
[Result "1-0"]
[WhiteElo "1310"]
[BlackElo "1480"]
[PlyCount "81"]
[EventDate "2014.03.01"]
[SourceDate "2014.03.01"]

1. e4 c5 2. Nc3 d6 3. d3 Nf6 4. f4 Nc6 5. g3 g6 6. Bg2 Bg7 7. Nf3 Nd7 8. Be3
Nd4 9. O-O Rb8 10. Qd2 O-O 11. Rab1 b6 12. Rfe1 Bb7 13. Nd5 Nxf3+ 14. Bxf3 e6
15. Nc3 a6 16. Qg2 Rc8 17. g4 b5 18. f5 b4 19. Na4 Ne5 20. Rf1 Nxf3+ 21. Rxf3
Qa5 22. b3 Bc6 23. f6 Bh8 24. Nb2 e5 25. Ra1 Rfe8 26. Qg3 Re6 27. g5 Bd7 28.
Nc4 Qd8 29. h4 Rb8 30. a3 a5 31. axb4 axb4 32. Ra7 Ra8 33. Rxa8 Qxa8 34. Nb6
Qb7 35. Nd5 Kf8 36. Qh2 Re8 37. h5 Bg4 38. hxg6 fxg6 39. Qh6+ Bg7 40. fxg7+ Kg8
41. Nf6+ 1-0

[Event "Cadets-Juniors"]
[Site "?"]
[Date "2014.03.02"]
[Round "3.5"]
[White "Deschamps, Quentin"]
[Black "Pichot, Benjamin"]
[Result "1-0"]
[WhiteElo "1742"]
[BlackElo "1399"]
[PlyCount "37"]
[EventDate "2014.03.01"]
[SourceDate "2014.03.01"]

1. e4 Nf6 2. e5 Nd5 3. c4 Nb6 4. d4 d6 5. f4 Bf5 6. Nc3 g6 7. Nf3 Bg7 8. Bd3
Bxd3 9. Qxd3 d5 10. c5 Nc4 11. b3 Na5 12. h4 h5 13. e6 O-O 14. exf7+ Rxf7 15.
Qxg6 Rxf4 16. Bxf4 Nd7 17. Bh6 Kf8 18. Bxg7+ Kg8 19. Ng5 1-0

[Event "Cadets-Juniors"]
[Site "?"]
[Date "2014.03.02"]
[Round "3.6"]
[White "Brosset, Matthieu"]
[Black "Alexeline, Mathieu"]
[Result "1-0"]
[WhiteElo "1480"]
[BlackElo "1230"]
[PlyCount "71"]
[EventDate "2014.03.01"]
[SourceDate "2014.03.01"]

1. e4 Nc6 2. d4 d5 3. Nc3 Nf6 4. e5 Ng4 5. h3 Nh6 6. Nf3 e6 7. Be3 Bb4 8. Bg5
Be7 9. Be3 Nf5 10. Bf4 f6 11. g4 Nh6 12. Qd2 f5 13. Bxh6 Bf8 14. Bg5 Ne7 15.
gxf5 exf5 16. Nb5 Be6 17. Qc3 c6 18. Nd6+ Kd7 19. Nxb7 Qc8 20. Ba6 Qc7 21. Nc5+
Ke8 22. Nxe6 Qb6 23. Bxe7 Bxe7 24. Nxg7+ Kf7 25. Nxf5 Bb4 26. Ng5+ Ke8 27. Nd6+
Kd7 28. Qxb4 Qxb4+ 29. c3 Qxb2 30. O-O Rhg8 31. h4 Qxc3 32. Rab1 Qxd4 33. Rb7+
Kd8 34. Ndf7+ Ke8 35. Nd6+ Kf8 36. Rf7# 1-0

[Event "Cadets-Juniors"]
[Site "?"]
[Date "2014.03.02"]
[Round "4.1"]
[White "Gely, Lilas"]
[Black "Guinet, Kevin"]
[Result "1-0"]
[WhiteElo "1551"]
[BlackElo "1639"]
[PlyCount "119"]
[EventDate "2014.03.01"]
[SourceDate "2014.03.01"]

1. e4 Nf6 2. Nc3 d5 3. d3 dxe4 4. dxe4 Qxd1+ 5. Kxd1 Nc6 6. Bd3 e5 7. Be3 Ng4
8. Nd5 Nxe3+ 9. Nxe3 Be6 10. Ke2 O-O-O 11. Nf3 f6 12. c3 Bc5 13. b4 Bxe3 14.
Kxe3 Rd6 15. a4 Rhd8 16. Be2 Bb3 17. a5 Ne7 18. c4 f5 19. Nxe5 Re6 20. f4 fxe4
21. Bg4 Rdd6 22. Bxe6+ Rxe6 23. Kxe4 Bxc4 24. Rhd1 c6 25. g3 Bd5+ 26. Kd4 Nf5+
27. Kc5 Kc7 28. b5 b6+ 29. axb6+ axb6+ 30. Kb4 c5+ 31. Kc3 Rd6 32. Ra7+ Kc8 33.
Rd7 Rxd7 34. Nxd7 Kxd7 35. Rxd5+ Ke6 36. Re5+ Kf6 37. Kc4 Nd6+ 38. Kd5 Nxb5 39.
Re6+ Kf7 40. Rxb6 Nc3+ 41. Kc4 Ne4 42. Kd3 Nf6 43. h3 Nd7 44. Rb7 Ke6 45. Kc4
g6 46. Rb1 Nf6 47. g4 h6 48. Kxc5 Nd7+ 49. Kc6 Nf6 50. Re1+ Kf7 51. Kd6 Ne8+
52. Rxe8 Kxe8 53. Ke6 h5 54. Kf6 hxg4 55. hxg4 g5 56. Kxg5 Kf7 57. Kh6 Kg8 58.
g5 Kh8 59. f5 Kg8 60. Kg6 1-0

[Event "Cadets-Juniors"]
[Site "?"]
[Date "2014.03.02"]
[Round "4.2"]
[White "Barteau, Alexandre"]
[Black "Lardiere, Antoine"]
[Result "1-0"]
[WhiteElo "1532"]
[BlackElo "1310"]
[PlyCount "61"]
[EventDate "2014.03.01"]
[SourceDate "2014.03.01"]

1. e4 e5 2. Nf3 Nc6 3. Bc4 Bc5 4. O-O Nf6 5. Nc3 O-O 6. d3 h6 7. a3 d6 8. h3
Re8 9. Na4 Nd4 10. Nxd4 exd4 11. Nxc5 dxc5 12. Qf3 c6 13. Qg3 Nh5 14. Qg6 Qf6
15. Qxh5 Re5 16. Qf3 Qxf3 17. gxf3 Bxh3 18. Re1 b5 19. Bf4 Re7 20. Bb3 Rd8 21.
Kh2 Bc8 22. Rg1 g5 23. Bd2 Kh7 24. f4 gxf4 25. Bxf4 f5 26. Bg3 Rg7 27. Bh4 Rxg1
28. Rxg1 Re8 29. Bf6 Be6 30. Rg7+ Kh8 31. Re7+ 1-0

[Event "Cadets-Juniors"]
[Site "?"]
[Date "2014.03.02"]
[Round "4.3"]
[White "Deruyter, Valentin"]
[Black "Le Gouic, Brendan"]
[Result "1-0"]
[WhiteElo "1496"]
[BlackElo "1718"]
[PlyCount "101"]
[EventDate "2014.03.01"]
[SourceDate "2014.03.01"]

1. e4 e6 2. d4 d5 3. exd5 exd5 4. c4 dxc4 5. Bxc4 Nd7 6. Nc3 Nb6 7. Bb3 Nf6 8.
Nf3 Be7 9. O-O O-O 10. Re1 c6 11. Bf4 Re8 12. Ne5 Nfd5 13. Qf3 Be6 14. Rad1 Bf6
15. Ng4 Nxf4 16. Qxf4 Bxb3 17. Rxe8+ Qxe8 18. Nxf6+ gxf6 19. axb3 Qe6 20. Ne4
Nd5 21. Qg3+ Kf8 22. Qd6+ Qxd6 23. Nxd6 b6 24. Rc1 Nb4 25. f3 Ke7 26. Nf5+ Ke6
27. g4 Re8 28. Ng7+ Kd7 29. Nxe8 Kxe8 30. Rc4 a5 31. d5 cxd5 32. Rc8+ Kd7 33.
Rh8 Kc7 34. Rf8 d4 35. Rxf7+ Kc6 36. Rxf6+ Kc5 37. Kf2 Nd3+ 38. Ke2 Nc1+ 39.
Kd1 Nxb3 40. f4 b5 41. Rf8 Kc4 42. f5 a4 43. f6 Kd3 44. Rc8 Nd2 45. f7 Nf1 46.
f8=Q Ne3+ 47. Kc1 Ke2 48. Re8 d3 49. Rxe3+ Kxe3 50. Kd1 b4 51. Qxb4 1-0

[Event "Cadets-Juniors"]
[Site "?"]
[Date "2014.03.02"]
[Round "4.4"]
[White "Ryo, Gael"]
[Black "Deschamps, Quentin"]
[Result "1/2-1/2"]
[WhiteElo "1460"]
[BlackElo "1742"]
[PlyCount "72"]
[EventDate "2014.03.01"]
[SourceDate "2014.03.01"]

1. d4 Nf6 2. c4 c5 3. e3 e6 4. Nf3 b6 5. b3 Bb7 6. Bb2 Be7 7. Bd3 cxd4 8. exd4
d5 9. O-O Nbd7 10. Nbd2 Ne4 11. Re1 f5 12. Ne5 Nxe5 13. dxe5 Bc5 14. Nxe4 fxe4
15. Be2 O-O 16. Bd4 Bb4 17. Rf1 Qe7 18. Rc1 Rad8 19. cxd5 exd5 20. Qc2 Ba3 21.
Bb2 Bc5 22. Bg4 Rf4 23. Bh3 Ba6 24. Qd2 Rff8 25. Rfd1 Rxf2 26. Qxf2 Bxf2+ 27.
Kxf2 Rf8+ 28. Kg1 Qf7 29. Ba3 Qf2+ 30. Kh1 Rf4 31. Be6+ Kh8 32. Bxd5 h6 33. e6
Rg4 34. Rg1 Rh4 35. h3 Qg3 36. Rge1 Rxh3+ 1/2-1/2

[Event "Cadets-Juniors"]
[Site "?"]
[Date "2014.03.02"]
[Round "4.5"]
[White "Alexeline, Mathieu"]
[Black "Guillaume, Ombeline"]
[Result "0-1"]
[WhiteElo "1230"]
[BlackElo "1586"]
[PlyCount "44"]
[EventDate "2014.03.01"]
[SourceDate "2014.03.01"]

1. e4 e5 2. Nc3 Nf6 3. Nf3 Nc6 4. d4 exd4 5. Nxd4 Bb4 6. Bd2 O-O 7. Nxc6 bxc6
8. a3 Bxc3 9. Bxc3 Nxe4 10. Qd4 Nxc3 11. Qxc3 Re8+ 12. Be2 Ba6 13. O-O-O Bxe2
14. Rd2 Qg5 15. Re1 Bb5 16. Re3 Rxe3 17. fxe3 Re8 18. Qd4 Rxe3 19. c3 Bd3 20.
b4 Re1+ 21. Kb2 Qxd2+ 22. Kb3 Qc2# 0-1

[Event "Cadets-Juniors"]
[Site "?"]
[Date "2014.03.02"]
[Round "4.6"]
[White "Pichot, Benjamin"]
[Black "Brosset, Matthieu"]
[Result "0-1"]
[WhiteElo "1399"]
[BlackElo "1480"]
[PlyCount "56"]
[EventDate "2014.03.01"]
[SourceDate "2014.03.01"]

1. e4 e5 2. Nf3 Nc6 3. d4 exd4 4. Nxd4 Bc5 5. Nxc6 Qf6 6. Qe2 Qxc6 7. Nc3 Bb4
8. Bd2 a6 9. Qc4 Qxc4 10. Bxc4 b5 11. Bd5 c6 12. Bb3 Nf6 13. e5 Ng4 14. Bf4 O-O
15. O-O Re8 16. Rae1 a5 17. a3 Bc5 18. Nd1 Ba6 19. Re4 b4 20. Bc4 d5 21. e6
fxe6 22. Ne3 dxe4 23. Bxa6 Nxe3 24. Bxe3 Bxe3 25. fxe3 Rxa6 26. axb4 Rf8 27.
Rd1 axb4 28. Rd6 Ra1+ 0-1

[Event "Cadets-Juniors"]
[Site "?"]
[Date "2014.03.03"]
[Round "5.1"]
[White "Guinet, Kevin"]
[Black "Barteau, Alexandre"]
[Result "1-0"]
[WhiteElo "1639"]
[BlackElo "1532"]
[PlyCount "23"]
[EventDate "2014.03.01"]
[SourceDate "2014.03.01"]

1. e4 e5 2. Nf3 Nc6 3. d4 exd4 4. Bc4 Bc5 5. c3 Qf6 6. O-O Ne5 7. Nxe5 Qxe5 8.
Kh1 Ne7 9. f4 Qxe4 10. Bxf7+ Kxf7 11. Qh5+ Kg8 12. Qe8# 1-0

[Event "Cadets-Juniors"]
[Site "?"]
[Date "2014.03.03"]
[Round "5.2"]
[White "Guillaume, Ombeline"]
[Black "Gely, Lilas"]
[Result "0-1"]
[WhiteElo "1586"]
[BlackElo "1551"]
[PlyCount "90"]
[EventDate "2014.03.01"]
[SourceDate "2014.03.01"]

1. d4 d5 2. c4 e6 3. Nc3 Nf6 4. Bg5 Be7 5. Nf3 O-O 6. e3 Nbd7 7. Be2 a6 8. cxd5
Nxd5 9. Nxd5 exd5 10. Bxe7 Qxe7 11. O-O Nf6 12. Ne5 Bf5 13. Qb3 c6 14. Rac1 Ne4
15. Qb6 f6 16. Nd3 Rab8 17. Rfe1 Rfe8 18. b4 Nd2 19. Nc5 Ne4 20. Nxe4 Bxe4 21.
a4 Qf7 22. b5 Qg6 23. Bf1 axb5 24. axb5 Rec8 25. f3 Bxf3 26. Rc5 Be4 27. Ra1
Bd3 28. bxc6 bxc6 29. Qa5 Bxf1 30. Rxf1 Rb2 31. Rf2 Qb1+ 32. Rf1 Qe4 33. Rf3
Rb1+ 34. Kf2 Qh4+ 35. Rg3 Rb2+ 36. Kg1 Rb1+ 37. Kf2 Qxh2 38. Rc2 Qg1+ 39. Kf3
Rf1+ 40. Kg4 f5+ 41. Kh4 Qh2+ 42. Rh3 Qd6 43. Qa6 g5+ 44. Kxg5 Qg6+ 45. Kh4
Qg4# 0-1

[Event "Cadets-Juniors"]
[Site "?"]
[Date "2014.03.03"]
[Round "5.3"]
[White "Lardiere, Antoine"]
[Black "Deruyter, Valentin"]
[Result "0-1"]
[WhiteElo "1310"]
[BlackElo "1496"]
[PlyCount "48"]
[EventDate "2014.03.01"]
[SourceDate "2014.03.01"]

1. e4 e6 2. d4 d5 3. Nc3 Bb4 4. Bd2 c5 5. dxc5 Bxc5 6. e5 Nc6 7. Bb5 Bd7 8. Qg4
Nxe5 9. Qxg7 Ng6 10. Bxd7+ Qxd7 11. Nf3 e5 12. O-O Bf8 13. Nxe5 Bxg7 14. Nxd7
Kxd7 15. b3 Rc8 16. Nxd5 Bxa1 17. Rxa1 N6e7 18. Bc3 Nxd5 19. Bxh8 Ngf6 20. Bg7
Rxc2 21. Rd1 Kc6 22. a3 Ne4 23. f3 Ndc3 24. Rd3 Rc1+ 0-1

[Event "Cadets-Juniors"]
[Site "?"]
[Date "2014.03.03"]
[Round "5.4"]
[White "Deschamps, Quentin"]
[Black "Le Gouic, Brendan"]
[Result "1-0"]
[WhiteElo "1310"]
[BlackElo "1718"]
[PlyCount "71"]
[EventDate "2014.03.01"]
[SourceDate "2014.03.01"]

1. e4 e6 2. d4 d5 3. e5 c5 4. c3 Qb6 5. Nf3 Nc6 6. Bd3 Nh6 7. O-O Nf5 8. Bxf5
exf5 9. Re1 Be6 10. b3 Be7 11. Be3 h6 12. dxc5 Bxc5 13. Nd4 Rc8 14. Na3 f4 15.
Nxe6 fxe6 16. Qh5+ Ke7 17. Qg6 Rhg8 18. Bxc5+ Qxc5 19. b4 Qb6 20. Rad1 a6 21.
c4 Nxb4 22. cxd5 Nxd5 23. Rxd5 Qb4 24. Rb1 Qxb1+ 25. Qxb1 exd5 26. Qxb7+ Ke6
27. Qxa6+ Kxe5 28. Qe2+ Kf6 29. h3 Rge8 30. Qd2 Ke5 31. Nb5 Rc4 32. Qe2+ Re4
33. Qh5+ Kf6 34. Qxd5 Re1+ 35. Kh2 Rf1 36. Qd4+ 1-0